Judicial reforms in India : (Record no. 4512)

MARC details
000 -LEADER
fixed length control field 00699 a2200193 4500
010 ## - LCCN (DPL NO)
LC control number ENG-86380
020 ## - INTERNATIONAL STANDARD BOOK NUMBER
International Standard Book Number 8171885373
Terms of availability 795.00
035 ## - SYSTEM CONTROL NUMBER
System control number EN-69913
037 ## - SOURCE OF ACQUISITION
Source of stock number/acquisition DBAD / PUB
082 14 - DEWEY DECIMAL CLASSIFICATION NUMBER
Classification number 347.012
245 1# - TITLE STATEMENT
Title Judicial reforms in India :
Statement of responsibility, etc ed. by Arnab Kumar Hazra [and] Bibek Debroy
Remainder of title issues and aspects /
260 ## - PUBLICATION, DISTRIBUTION, ETC. (IMPRINT)
Place of publication, distribution, etc New Delhi
Name of publisher, distributor, etc Academic Foundation
Date of publication, distribution, etc 2007
270 ## - ADDRESS
Address 4772-73/23 Bharat Ram Road, (23 Ansari Road), Darya Ganj,
City New Delhi
State or province New Delhi
Postal code 110 002
Telephone number 23245001
Fax number 91-11-23245005
Electronic mail address academic@vsnl.com
300 ## - PHYSICAL DESCRIPTION
Extent 330p.
Dimensions 22cm (Hb)
500 ## - GENERAL NOTE
General note Includes index
700 ## - ADDED ENTRY--PERSONAL NAME
Personal name Hazra, Arnab Kumar
700 ## - ADDED ENTRY--PERSONAL NAME
Personal name Debroy, Bibek
942 ## - ADDED ENTRY ELEMENTS (KOHA)
Institution code [OBSOLETE] dpl
Item type English Books
Source of classification or shelving scheme Dewey Decimal Classification
Classification part 347.012
Call number suffix JUD
Holdings
Withdrawn status Lost status Not for loan Collection code Home library Current library Source of acquisition Cost, normal purchase price Full call number Barcode Copy number Cost, replacement price Koha item type
    Not For Loan Non-fiction D.B.Act.Division D.B.Act.Division DBAD/PUB 795.00 347.012 JUD EN-69913 1 795.00 English Books

© Delhi Public Library
Hit Counter
free hit counter